LDR 00735nam a2200205 i 4500 001 000000068652 003 CaOOAMICUS 005 19990610000000.0 008 990610n it u000 u ita u 013 $a39824 020 $a882092482X 040 $aSeMil$bita 245 10$aDizionario di mistica. 650 4$aDizionari.$0(OLS)http://semarc/subject/7843 650 4$aMistica cristiana - Dizionari.$0(OLS)http://semarc/subject/13529 850 $aSeMil 852 $aSeMil$W1$xVenegono$y1$mSL1.P VI 46$j34805$B34805$CSeMilBibl$Z2$F34808 $8I 961 $aOmaggio: Pontificio Seminario Lombardo
996 $6020$a882092482X$9(OLS)http://semarc/number/46872 996 $6245$aDizionario di mistica$9(OLS)http://semarc/title/109704